| 000 | 00753pam a2200229 a 4500 | ||
|---|---|---|---|
| 020 | _a0023286008 | ||
| 082 | 0 | 0 |
_a658.155 _bDEG _cL-37, P-79 |
| 100 | 1 |
_aDeGarmo, E. Paul _99077 |
|
| 245 | 1 | 0 |
_aEngineering economy / _cE. Paul DeGarmo, William G. Sullivan, John R. Canada. |
| 250 | _a7th ed. | ||
| 260 |
_aNew York : _bMacmillan ; _aLondon : _bCollier Macmillan, _cc1984. |
||
| 300 |
_axvi, 669 p. : _bill. ; _c25 cm. |
||
| 500 | _aIncludes index. | ||
| 526 |
_a0 _b0 _c0 _d658_155000000000000_DEG |
||
| 526 |
_a0 _b0 _c0 _d658_155000000000000_DEG |
||
| 526 |
_a0 _b0 _c0 _d658_155000000000000_DEG |
||
| 650 | 0 | _aEngineering economy. | |
| 650 | 0 |
_aMCE _9379 |
|
| 700 | 1 |
_aCanada, John R. _92296 |
|
| 700 | 1 |
_aSullivan, William G., _944487 |
|
| 942 |
_2ddc _cBK |
||
| 999 |
_c548263 _d548263 |
||